00331nam a2200121Ia 4500008004100000024001700041082001800058100002700076245002200103260002500125600002100150650003800171250506s9999 xx 000 0 und d a00A-61-BCS-3 a004.67072 RIZ aRizwan Hussain Qureshi 0aProject Submitter aKarachi:bUIT,c2000 aComputer Science aBachelor of Computer Science (BS)